| 000 | 00432nam a2200181Ia 4500 | ||
|---|---|---|---|
| 005 | 20240823024706.0 | ||
| 008 | 240823s9999||||xx |||||||||||||| ||und|| | ||
| 041 | _aENGLISH | ||
| 082 | _A629.12 P6 | ||
| 100 | _aNil | ||
| 245 | 0 | _aCivil Aviation Requirements Vol-I | |
| 250 | _a1st | ||
| 260 |
_c2006 _bThe English Book _aNew Delhi |
||
| 500 | _aTRANSFERED | ||
| 650 |
_aCivil Aviation _bAME |
||
| 942 | _cBK | ||
| 999 |
_c184521 _d184521 |
||